Obálka
Pro půjčování e-knih musíte být přihlášeni.
Jak si půjčit online?

Ještě není konec /

Komisařka Výrová, známá z televizní série Detektivové od Nejsvětější Trojice, se tentokrát zabývá brutální vraždou dítěte, spáchanou před více než dvaceti lety.

Uloženo v:
Série:Detektivové od Nejsvětější Trojice, část 3
Hlavní autor: Sýkora, Michal, 1971- (Autor)
Další autoři: Lichý, Norbert, 1964-2024 (Autor, Režisér)
Médium: E-audiokniha
Jazyk:Czech
Vydáno: Praha : Supraphon, 2020
Témata:
Příbuzné jednotky:Z cyklu:: Detektivové od Nejsvětější Trojice
Tagy:
Žádné tagy
LEADER 04544nim a2200877 i 4500
001 313317
003 CZ PrSKC
005 20260601215739.0
007 sd fungnnmmned
008 200922t20202020xr nnnng f n cze
015 |a cnb003254926 
024 1 |a 099925661427 
028 0 1 |a SU 6614-2  |b Supraphon 
040 |a ABA001  |b cze  |e rda 
072 7 |a 821.162.3-3  |x Česká próza  |2 Konspekt 
080 |a 821.162.3-31  |2 MRF 
080 |a (0:82-312.4)  |2 MRF 
080 |a (086.7)08  |2 MRF 
080 |a (086.76)  |2 MRF 
100 1 |a Sýkora, Michal,  |d 1971-  |7 js20020122062  |4 aut 
245 1 0 |a Ještě není konec /  |c Michal Sýkora 
264 1 |a Praha :  |b Supraphon,  |c 2020 
264 4 |c ℗2020 
300 |a 1 audiodisk (9 hod., 47 min.) ;  |c 12 cm 
306 |a 094700 
336 |a mluvené slovo  |b spw  |2 rdacontent 
337 |a audio  |b s  |2 rdamedia 
338 |a audiodisk  |b sd  |2 rdacarrier 
344 |a digital  |b optical  |2 rda 
347 |a audio soubor  |b MP3  |2 rda 
500 |a Název z disku 
508 |a Režie Norbert Lichý 
511 0 |a Čte Norbert Lichý 
518 |o Nahráno  |d únor-květen 2020  |p studio Norberta Lichého "Skrat!", Ostrava 
520 2 |a Komisařka Výrová, známá z televizní série Detektivové od Nejsvětější Trojice, se tentokrát zabývá brutální vraždou dítěte, spáchanou před více než dvaceti lety.  |b V roce 1987 je hrůzným způsobem zabit půlroční chlapeček a z vraždy obviněná matka spáchá ve vazbě sebevraždu, aniž se k činu přizná. Z popudu manžela svědkyně, tehdy teprve dvanáctileté, se o nyní již promlčený zločin začne neoficiálně zajímat komisařka Výrová alias Velká Sova za přispění svého bývalého šéfa. Probírají se staré spisy, znovu se rozkrývají narušené vztahy v rodině postižené tragédií a vytahují se kostlivci ze skříní až k šokujícímu finále. Psychologický detektivní román. 
655 7 |a české romány  |7 fd133974  |2 czenas 
655 7 |a detektivní romány  |7 fd132010  |2 czenas 
655 7 |a audioknihy  |7 fd119452  |2 czenas 
655 7 |a kompaktní disky  |7 fd201991  |2 czenas 
700 1 |a Lichý, Norbert,  |d 1964-2024  |7 js20030707002  |4 drt  |4 nrt 
787 0 8 |i Z cyklu:  |t Detektivové od Nejsvětější Trojice  |g 3 
900 |a ABA001  |b 18 
044 |a xr 
505 0 0 |t Část první - kapitola 1. (17 min., 5 sek.) 
505 0 0 |t Část první - kapitola 2. (41 min., 25 sek.) 
505 0 0 |t Část první - kapitola 3. (8 min., 3 sek.) 
505 0 0 |t Část druhá - kapitola 4. (23 min., 13 sek.) 
505 0 0 |t Část druhá - kapitola 5. (25 min., 42 sek.) 
505 0 0 |t Část druhá - kapitola 6. (20 min., 15 sek.) 
505 0 0 |t Část druhá - kapitola 7. (17 min., 25 sek.) 
505 0 0 |t Část druhá - kapitola 8. (8 min., 12 sek.) 
505 0 0 |t Část druhá - kapitola 9. (17 min., 50 sek.) 
505 0 0 |t Část druhá - kapitola 10. (25 min., 57 sek.) 
505 0 0 |t Část druhá - kapitola 11. (15 min., 23 sek.) 
505 0 0 |t Část druhá - kapitola 12. (19 min., 43 sek.) 
505 0 0 |t Část druhá - kapitola 13. (20 min., 26 sek.) 
505 0 0 |t Část druhá - kapitola 14. (16 min., 53 sek.) 
505 0 0 |t Část druhá - kapitola 15. (14 min., 14 sek.) 
505 0 0 |t Část druhá - kapitola 16. (32 min., 48 sek.) 
505 0 0 |t Část druhá - kapitola 17. (12 min., 28 sek.) 
505 0 0 |t Část druhá - kapitola 18. (13 min., 16 sek.) 
505 0 0 |t Část druhá - kapitola 19. (17 min., 41 sek.) 
505 0 0 |t Část druhá - kapitola 20. (6 min., 42 sek.) 
505 0 0 |t Část druhá - kapitola 21. (19 min., 49 sek.) 
505 0 0 |t Část třetí - kapitola 22. (35 min., 9 sek.) 
505 0 0 |t Část třetí - kapitola 23. (13 min., 38 sek.) 
505 0 0 |t Část třetí - kapitola 24. (8 min., 55 sek.) 
505 0 0 |t Část čtvrtá - kapitola 25. (36 min., 2 sek.) 
505 0 0 |t Část čtvrtá - kapitola 26. (11 min., 10 sek.) 
505 0 0 |t Část čtvrtá - kapitola 27. (9 min., 27 sek.) 
505 0 0 |t Část čtvrtá - kapitola 28. (20 min., 6 sek.) 
505 0 0 |t Část pátá - kapitola 29. (24 min., 23 sek.) 
505 0 0 |t Část pátá - kapitola 30. (33 min., 7 sek.) 
910 |a RBIT002 
998 |d 402989  |a https://core.palmknihy.cz/api/books/402989/cover?sbz2zy  |b https://core.palmknihy.cz/api/books/402989/cover/400?sbz2zy  |c https://core.palmknihy.cz/api/books/402989/cover/50?sbz2zy  |e 2099-01-01  |i 099925661427  |l 35170  |q 49  |r 1  |s https://www.palmknihy.cz/kniha/402989  |t audiobook  |y 2020  |z 0 
999 |d 313315